~"Rewind, Replay" Lyrics Quiz - TNM~ - Statistics

General Stats
  • This quiz has been taken 8 times
  • The average score is 94 of 102
Answer Stats
Hint Answer % Correct
Lyric a
100%
Lyric Alive!
100%
Lyric all
100%
Lyric and
100%
Lyric between
100%
Lyric bridge's
100%
Lyric Can't
100%
Lyric Days
100%
Lyric decay.
100%
Lyric Die.
100%
Lyric doomed
100%
Lyric Echos;
100%
Lyric Files,
100%
Lyric Fun
100%
Lyric Game
100%
Lyric Graveyards,
100%
Lyric Hatchet
100%
Lyric I
100%
Lyric I'm
100%
Lyric is
100%
Lyric JPEGs
100%
Lyric just
100%
Lyric like
100%
Lyric lose.
100%
Lyric lost
100%
Lyric Memories,
100%
Lyric Mind;
100%
Lyric -Modern
100%
Lyric My
100%
Lyric my
100%
Lyric on
100%
Lyric play
100%
Lyric Post-
100%
Lyric Prometheus
100%
Lyric reason
100%
Lyric remains
100%
Lyric Replay,
100%
Lyric Rewind,
100%
Lyric Ripping
100%
Lyric still
100%
Lyric stop
100%
Lyric swings,
100%
Lyric The
100%
Lyric the
100%
Lyric these
100%
Lyric those
100%
Lyric Thoughts
100%
Lyric Time
100%
Lyric to
100%
Lyric VideoTapes.
100%
Lyric was
100%
Lyric we're
100%
Lyric what
100%
Lyric when
100%
Lyric with
100%
Lyric won't
100%
Lyric your
100%
Lyric You're
100%
Lyric burnt,
80%
Lyric CDs.
80%
Lyric Ending!
80%
Lyric filled
80%
Lyric Film
80%
Lyric Games!
80%
Lyric Ghosts;
80%
Lyric Happy
80%
Lyric I'll
80%
Lyric In
80%
Lyric now
80%
Lyric of
80%
Lyric Photos
80%
Lyric Polaroid
80%
Lyric Prayers,
80%
Lyric recut
80%
Lyric rise!
80%
Lyric spiraling
80%
Lyric Vortex
80%
Lyric delayed
60%
Lyric for
60%
Lyric inside
60%
Lyric linger
60%
Lyric stitches,
60%
Lyric zipped
60%
Lyric But
40%
Lyric catched
20%
No matching quizzes found
Score Distribution
Percent of People with Each Score
Percentile by Number Answered
Your Score History
You have not taken this quiz